000 00707nam a22002177a 4500
010 _aA-379617
020 _a0283995475
035 _aA-379617
037 _bCen Lib / Ret
040 _aDPL
_bEN
082 _a920
_bVER
100 _aVernof, Edward
_9141380
245 _aThe international dictionary of 20th century biography /
_cby Edward Vernoff [and] Rima Shore
260 _aLondon
_bSidgwick & Jackson
_c1987
270 _a1 Tavistock Chambers Bloomsbury way
_bLondon
300 _a819p ;
_c27cm(Hb)
650 _aBiography -- 20th century.
_995396
650 _aPersons - Biographies - Collections
_9141381
700 _aShore, Rima
_9141382
942 _2ddc
_cEN
_h920
_mVER
999 _c136305
_d136305